000 00406nam a2200121 4500
999 _c15187
_d15187
008 200305b ||||| |||| 00| 0 eng d
100 _941952
_aAning, Jerome.
_eAuthor.
245 _aHuman rights lawyers seek help of SC anew for protection/
_cJerome Aning.
260 _aPhilippines;
_bPhilippine Daily Inquirer,
_c©2019.
300 _apage A6;
_c29.5cm.
650 _aHuman rights.
_941953
942 _2ddc
_cPER